Detalles MARC
| 000 -LÍDER |
| Campo fijo de descripción fija |
02449aam a2200313 i 4500 |
| 001 - NÚMERO DE CONTROL |
| Campo de control |
768714001 |
| 003 - IDENTIFICADOR DEL NÚMERO DE CONTROL |
| Campo de control |
CO-MdFUSB |
| 005 - FECHA Y HORA DE LA ULTIMA TRANSACCIÓN |
| control field |
20210226142458.0 |
| 007 - CAMPO FIJO DE DESCRIPCIÓN FIJA--INFORMACIÓN GENERAL |
| Campo fijo de descripción fija |
ta |
| 008 - ELEMENTOS DE LONGITUD FIJA -- INFORMACIÓN GENERAL |
| Campo fijo de descripción fija -- Información general |
210226t1995 -us |||| |||| 00| 0 eng d |
| 020 ## - NÚMERO INTERNACIONAL NORMALIZADO PARA LIBROS |
| Número Internacional Normalizado del libro |
0310496616 |
| 040 ## - FUENTE DE CATALOGACIÓN |
| Idioma de catalogación |
spa. |
| Agencia de catalogación original |
CO-MdFUSB |
| Agencia que realiza la transcripción |
CO-MdFUSB |
| Agencia que realiza la modificación |
CO-MdFUSBC |
| Convenciones de la descripción |
rda |
| 041 ## - CÓDIGO DE IDIOMA |
| Código de idioma para texto/pista de sonido o título separado |
eng |
| 082 04 - NÚMERO DE CLASIFICACIÓN DECIMAL DEWEY |
| Número de la edición del Dewey |
23 |
| Número de clasificación |
277.3 |
| Clave de autor-Numero de item |
D853r |
| 100 1# - ASIENTO PRINCIPAL--NOMBRE PERSONAL |
| Nombre personal |
Duewel, Wesley L. |
| Término relacionador |
autor |
| 245 10 - TÍTULO |
| Título del Material |
Revival fire |
| Mención de responsabilidad, etc. |
/ Wesley Duewel |
| 264 #1 - PRODUCCIÓN, PUBLICACIÓN, DISTRIBUCIÓN, MANUFACTURA, Y COPYRIGHT |
| Lugar de producción, publicación, distribución, manufactura |
Grand Rapids, MI., USA : |
| Nombre del productor, publicador, distribuidor |
Zondervan Publishing House, |
| Fecha de producción, publicación, distribución, manufactura, o copyright |
[1995] |
| 264 #4 - PRODUCCIÓN, PUBLICACIÓN, DISTRIBUCIÓN, MANUFACTURA, Y COPYRIGHT |
| Fecha de producción, publicación, distribución, manufactura, o copyright |
© 1995 |
| 300 ## - DESCRIPCIÓN FÍSICA |
| Extensión |
382 páginas |
| Dimensiones |
; 21 cm |
| 336 ## - TIPO DE CONTENIDO |
| Término de tipo de contenido |
texto |
| Código de tipo de contenido |
txt |
| Fuente |
rdacontent |
| 337 ## - TIPO DE MEDIO |
| Fuente |
rdamedia |
| Nombre del tipo de medio |
sin mediación |
| Código del tipo de medio |
n |
| 338 ## - TIPO DE SOPORTE |
| Fuente |
rdacarrier |
| Nombre del tipo de soporte |
volumen |
| Código Tipo de soporte |
nc |
| 505 ## - NOTA DE CONTENIDO |
| Nota de contenido con formato preestablecido |
El Dios que bendice - Cuando el fuego realmente cayó - Avivamiento: ¿bendición o juicio? - Renovación bajo padre e hijo - Ezequías: nunca es demasiado tarde - El avivamiento de un monje - Amanece el Gran Despertar - George Whitefield: ardiendo para Dios - El ministerio continuo de Whitefield - Wesley el avivador - Los avivamientos del metodismo - - Incendios de avivamiento siguen a Finney - Incendios de avivamiento se extienden al centro de Nueva York - Ciudades en llamas - Oberlin y más allá - La oración de avivamiento enciende el fuego de avivamiento - La gloria de Dios sobre la tierra y el mar - Al otro lado del mar hasta el Ulster - La conexión de Belfast - El año de gracia irlandés - El avivamiento de oración de 1859 en Gales -<br/>Fuegos de avivamiento en Sudáfrica - Preparación de la oración - La visión de Evan Roberts - Canciones de avivamiento en Gales del Sur - La llama que se extiende - 1901-1910: la década del avivamiento - Cosecha en América - Avivamiento en el Mukti de Ramabai - La oración transforma el centro y norte de la India - Un año de bendición para el sur de la India - Un<br/>avivamiento en el estado de Andhra - Poderosas olas de avivamiento en el noreste de la India - El Pentecostés presbiteriano de Corea - Goforth y el El avivamiento del norte de China - La gran cosecha china - Los incendios del avivamiento en África - El avivamiento de shantung - El avivamiento de África oriental - El avivamiento en las Hébridas - El fuego del avivamiento en los campus - El Espíritu viene a Asbury - El avivamiento de Asbury en 1970 - El avivamiento se acerca. |
| 563 ## - NOTA DE ENCUADERNACIÓN |
| Nota de encuadernación |
Rústico |
| 653 ## - TÉRMINO DE INDIZACIÓN - NO CONTROLADO |
| Término no controlado |
avivamientos |
| 942 ## - TIPO DE MATERIAL (KOHA) |
| Tipo de Item KOHA |
Libros General |
| 945 ## - INFORMACIÓN LOCAL DEL REGISTRO |
| Catalogador |
JTF-925 |